<?xml version="1.0" encoding="UTF-8"?>
<record
    xmlns:xsi="http://www.w3.org/2001/XMLSchema-instance"
    xsi:schemaLocation="http://www.loc.gov/MARC21/slim http://www.loc.gov/standards/marcxml/schema/MARC21slim.xsd"
    xmlns="http://www.loc.gov/MARC21/slim">

  <leader>01210nam a22002417a 4500</leader>
  <controlfield tag="001">25070</controlfield>
  <controlfield tag="003">DO-SdBNP</controlfield>
  <controlfield tag="005">20171201071919.0</controlfield>
  <controlfield tag="007">25070</controlfield>
  <controlfield tag="008">171107b       1990 sp a ||||| |||| 00| 0 spa d</controlfield>
  <datafield tag="020" ind1=" " ind2=" ">
    <subfield code="a">0944499678 </subfield>
  </datafield>
  <datafield tag="040" ind1=" " ind2=" ">
    <subfield code="a">BPMSU</subfield>
    <subfield code="b">spa</subfield>
    <subfield code="c">BPMU</subfield>
  </datafield>
  <datafield tag="092" ind1=" " ind2=" ">
    <subfield code="a">xxxx</subfield>
    <subfield code="b">xxxx</subfield>
  </datafield>
  <datafield tag="245" ind1="1" ind2="0">
    <subfield code="a">Todo lo que debe saber sobre arte y literatura /</subfield>
    <subfield code="c">Direcci&#xF3;n general, Mar&#xED;a Elo&#xED;sa Alvarez del Real.</subfield>
  </datafield>
  <datafield tag="260" ind1=" " ind2=" ">
    <subfield code="a">Panam&#xE1; : </subfield>
    <subfield code="b">Am&#xE9;rica, </subfield>
    <subfield code="c">1990.</subfield>
  </datafield>
  <datafield tag="300" ind1=" " ind2=" ">
    <subfield code="a">240 p. : </subfield>
    <subfield code="b">il. ;</subfield>
    <subfield code="c">20 cm. </subfield>
  </datafield>
  <datafield tag="504" ind1=" " ind2=" ">
    <subfield code="a">Biograf&#xED;a : p. 4</subfield>
  </datafield>
  <datafield tag="505" ind1=" " ind2=" ">
    <subfield code="t">Primera parte: Breve introducci&#xF3;n al arte y la literatura. Conceptos generales --</subfield>
    <subfield code="t">Los comienzos del arte --</subfield>
    <subfield code="t">El milagro griego --</subfield>
    <subfield code="t">Segunda parte: Las formas del arte: La pintura. Conceptos generales --</subfield>
    <subfield code="t">Evoluci&#xF3;n de los estilos: del rom&#xE1;nico al g&#xF3;tico --</subfield>
    <subfield code="t">Evoluci&#xF3;n de los estilos: del renacimiento al barroco --</subfield>
    <subfield code="t">Evoluci&#xF3;n de los estilos, del neoclasicismo al impresionismo y las &#xFA;ltimas tendencias del siglo XX --</subfield>
    <subfield code="t">Evoluci&#xF3;n de los estilos, vanguardias art&#xED;sticas del siglo XX.</subfield>
  </datafield>
  <datafield tag="700" ind1="1" ind2="2">
    <subfield code="a">Alvarez del Real, Mar&#xED;a Elo&#xED;sa</subfield>
    <subfield code="c">dir. </subfield>
  </datafield>
  <datafield tag="942" ind1=" " ind2=" ">
    <subfield code="2">ddc</subfield>
    <subfield code="c">BK</subfield>
  </datafield>
  <datafield tag="945" ind1=" " ind2=" ">
    <subfield code="a">inventariado extranjero /DG</subfield>
  </datafield>
  <datafield tag="952" ind1=" " ind2=" ">
    <subfield code="0">0</subfield>
    <subfield code="1">0</subfield>
    <subfield code="2">ddc</subfield>
    <subfield code="4">0</subfield>
    <subfield code="7">0</subfield>
    <subfield code="8">CG</subfield>
    <subfield code="a">BPMET</subfield>
    <subfield code="b">BPMET</subfield>
    <subfield code="d">2017-11-07</subfield>
    <subfield code="e">Donado por FUNDI</subfield>
    <subfield code="l">0</subfield>
    <subfield code="p">BPMSU17110054</subfield>
    <subfield code="r">2017-11-07</subfield>
    <subfield code="t">ej. 1</subfield>
    <subfield code="w">2017-11-07</subfield>
    <subfield code="y">BK</subfield>
  </datafield>
  <datafield tag="956" ind1=" " ind2=" ">
    <subfield code="a">LOPEREZ</subfield>
    <subfield code="b">10</subfield>
    <subfield code="c">20171107</subfield>
    <subfield code="h">0041</subfield>
    <subfield code="i">BPMSU</subfield>
  </datafield>
  <datafield tag="999" ind1=" " ind2=" ">
    <subfield code="c">12769</subfield>
    <subfield code="d">12769</subfield>
  </datafield>
</record>
